000
00297nam a2200109Ia 4500
008
200302s9999 xx 000 0 und d
100
_a
Kelly Luckett
245
_a
A GreenSource Book Green Roof Construction and Maintenance
260
_b
Mcgraw-Hill Book Company
260
_c
2009
300
_a
187 P.,
999
_c
2980
_d
2980